BIBLIOTECA

SENCICO

Acuarela creativa : (Registro nro. 4136)

Detalles MARC
000 -LEADER
fixed length control field 02343nam a22002777a 4500
003 - CONTROL NUMBER IDENTIFIER
control field PE SENCICO BE
005 - DATE AND TIME OF LATEST TRANSACTION
control field 20251020182636.0
008 - FIXED-LENGTH DATA ELEMENTS--GENERAL INFORMATION
fixed length control field 230509b |||||||| |||| 00| 0 eng d
020 ## - INTERNATIONAL STANDARD BOOK NUMBER
International Standard Book Number 978-84-342-3370-6
040 ## - CATALOGING SOURCE
Original cataloging agency PE SENCICO BE
Transcribing agency PE SENCICO BE
041 ## - LANGUAGE CODE
Language code of text/sound track or separate title spa
082 ## - DEWEY DECIMAL CLASSIFICATION NUMBER
Classification number 751.422
Item number A
245 1# - TITLE STATEMENT
Title Acuarela creativa :
Remainder of title técnicas creativas /
Statement of responsibility, etc. textos, Josep Asunción y Gemma Guasch
250 ## - EDITION STATEMENT
Edition statement 1a ed.
260 ## - PUBLICATION, DISTRIBUTION, ETC.
Place of publication, distribution, etc. Barcelona :
Name of publisher, distributor, etc. Parramón,
Date of publication, distribution, etc. 2008
300 ## - PHYSICAL DESCRIPTION
Extent 143 p. :
Other physical details il. col., lams.,
Dimensions 28 cm.
520 3# - SUMMARY, ETC.
Summary, etc. Este libro se dirige a los artistas aficionados o con conocimientos previos que tienen inquietud por descubrir las posibilidades creativas de la acuarela. En él se explican con detalle todas las técnicas de este medio, permitiendo descubrir un rico campo de experimentación donde los materiales, los aplicadores y los procedimientos generan resultados variados y sorprendentes.<br/>Se exponen catorce técnicas distintas para pintar a la acuarela con las que se podrá experimentar a fondo y de forma práctica a partir de una propuesta creativa diseñada específicamente para sacar el máximo partido de nuestras posibilidades artísticas. Cada propuesta parte, por un lado, del referente histórico de un pintor que aplicó esa técnica en su lenguaje personal, y por otro, de un modelo visual basándose en el cual se desarrolla, paso a paso, una obra. También se muestra una galería de distintos finales posibles que explica diversas variables de esa técnica.<br/>Finalmente, una ventana a nuevas propuestas deja abierta la propuesta para que el lector la desarrolle a partir de nuevos modelos o desde enfoques formales, cromáticos o compositivos distintos.<br/>Esta obra es, sin duda alguna, una útil herramienta de consulta para quien desea ir más allá de la pintura mimética y quiere sentir que la acuarela es un medio de expresión y desarrollo personal, sin que ello signifique renunciar a su conocimiento técnico, sino al contrario: precisamente le conduzca a dar el paso a una acuarela realmente creativa desde la técnica.
650 14 - SUBJECT ADDED ENTRY--TOPICAL TERM
9 (RLIN) 1003
Topical term or geographic name entry element Acuarela
650 24 - SUBJECT ADDED ENTRY--TOPICAL TERM
9 (RLIN) 336
Topical term or geographic name entry element Dibujo técnico
650 24 - SUBJECT ADDED ENTRY--TOPICAL TERM
9 (RLIN) 827
Topical term or geographic name entry element Técnicas de dibujo
650 24 - SUBJECT ADDED ENTRY--TOPICAL TERM
9 (RLIN) 427
Topical term or geographic name entry element Pintura
700 1# - ADDED ENTRY--PERSONAL NAME
9 (RLIN) 1004
Personal name Asunción, Josep
Relator term textos
700 1# - ADDED ENTRY--PERSONAL NAME
9 (RLIN) 1005
Personal name Guasch, Gemma
Relator term textos
910 ## - USER-OPTION DATA (OCLC)
-- hfp
-- hfp
942 ## - ADDED ENTRY ELEMENTS (KOHA)
Source of classification or shelving scheme Dewey Decimal Classification
Koha item type Libros
Existencias
Fecha de la última vez que lo usaron Número de ingreso o de inventario Pago total Signatura topográfica completa Precio efectivo desde Tipo de documento Estado perdido Sistema de clasificación Estado dañado No es para préstamo Retirado Ubicación permanente Ubicación actual Fecha de adquisición
09/05/2023 14898   751.422/A 09/05/2023 Libros   Dewey Decimal Classification       Biblioteca Central Lima Biblioteca Central Lima 09/05/2023